Poetic Meter Quiz - Statistics

General Stats
  • This quiz has been taken 115 times
  • The average score is 5 of 7
Answer Stats
Hint Answer % Correct
˘/ iamb
99%
trochee
87%
˘˘/ anapest
80%
/˘˘ dactyl
78%
// spondee
78%
˘/˘ amphibrach
18%
˘˘ pyrrhic
13%
No matching quizzes found
Score Distribution
Percent of People with Each Score
Percentile by Number Answered
Your Score History
You have not taken this quiz